US states that have ski areas - Statistics

General Stats
  • This quiz has been taken 63 times
  • The average score is 32 of 38
Answer Stats
Number of ski areas Answer % Correct
33 Colorado
98%
28 California
96%
38 Michigan
96%
36 New York
96%
27 Vermont
96%
13 Oregon
94%
21 Washington
94%
19 Idaho
93%
19 Maine
93%
16 Montana
93%
3 North Dakota
93%
22 Pennsylvania
93%
3 South Dakota
93%
14 Utah
93%
36 Wisconsin
93%
11 Wyoming
93%
29 New Hampshire
91%
9 New Mexico
89%
5 Nevada
87%
4 Connecticut
85%
5 Illinois
85%
17 Minnesota
85%
1 Texas
85%
4 Arizona
83%
2 Indiana
83%
13 Massachusetts
83%
5 Ohio
83%
8 Alaska
81%
5 West Virginia
80%
1 Rhode Island
78%
4 Virginia
78%
1 Maryland
76%
4 Iowa
72%
6 North Carolina
70%
1 Tennessee
69%
4 New Jersey
65%
2 Missouri
59%
1 Alabama
46%
No matching quizzes found
Score Distribution
Percent of People with Each Score
Percentile by Number Answered
Your Score History
You have not taken this quiz